Statistics for 10 Biggest Cities in the World

Click here to take the quiz!

General Stats

  • This quiz has been taken 129 times
  • The average score is 13 of 18

Answer Stats

citypopulation.deUNCity Proper City% Correct
39.5 mil37.8 mil13.3 milTokyo
96%
19.5 mil21.5 milBeijing
94%
30.4 mil23.0 mil24.3 milShanghai
89%
23.0 mil20.7 mil12.5 milMumbai
85%
26.0 mil25.0 mil16.8 milDelhi
82%
22.5 mil20.8 milMexico City
75%
12.2 milMoscow
74%
27.7 milJakarta
73%
49.6 milGuangzhou
72%
18.4 milCairo
69%
20.8 mil21.3 milSão Paulo
69%
24.3 milSeoul
65%
23.1 milManila
63%
14.4 milIstanbul
56%
24.0 mil21.0 milKarachi
56%
16.1 milLagos
56%
18.6 milNew York City
52%
20.1 milOsaka
47%

Score Distribution

Percentile by Number Answered

Percent of People with Each Score

Your Score History

You have not taken this quiz